[Event "XII Festival A"]
[Site "Bolzano - Bozen ITA"]
[Date "1997.06.??"]
[Round "?"]
[White "Bernardi, Ruben"]
[Black "Mantovani, Renzo"]
[Result "0-1"]
[WhiteElo "2115"]
[BlackElo "2365"]
[PlyCount "72"]
[EventDate "1997.06.14"]

1. e4 c5 2. Nf3 d6 3. d4 cxd4 4. Nxd4 Nf6 5. Nc3 Nc6 6. Be3 e6 7. f4 Qc7 8. Qf3
Be7 9. Ncb5 Qd7 10. c4 O-O 11. Rd1 a6 12. Nc3 Qc7 13. Nxc6 bxc6 14. g4 d5 15.
g5 Nxe4 16. Nxe4 dxe4 17. Qxe4 Qa5+ 18. Bd2 Bb4 19. Bd3 g6 20. Qe5 c5 21. Be4
Bxd2+ 22. Rxd2 Rd8 23. Qc3 Qxc3 24. bxc3 Rxd2 25. Kxd2 Rb8 26. Kc2 Kf8 27. Rd1
Ke7 28. Rd3 Bd7 29. Rh3 Rh8 30. Bb7 a5 31. Ba6 Bc6 32. Bb5 Bg2 33. Re3 h6 34.
Re5 hxg5 35. fxg5 Rxh2 36. Rxc5 Kd6 0-1

[Event "XII Festival A"]
[Site "Bolzano - Bozen ITA"]
[Date "1997.06.??"]
[Round "?"]
[White "Bernardi, Ruben"]
[Black "Vujovic, Milorad"]
[Result "1-0"]
[WhiteElo "2115"]
[BlackElo "2255"]
[PlyCount "111"]
[EventDate "1997.06.14"]

1. e4 c5 2. Nf3 d6 3. d4 cxd4 4. Nxd4 Nf6 5. Nc3 a6 6. f4 e6 7. Qf3 Qc7 8. g4
b5 9. g5 Nfd7 10. a3 Nc6 11. Nxc6 Qxc6 12. Bg2 Bb7 13. O-O Rd8 14. Be3 Nb6 15.
f5 Rd7 16. fxe6 fxe6 17. Rad1 Nc4 18. Bc1 Qc8 19. g6 hxg6 20. Qg4 Qc5+ 21. Rf2
Qh5 22. Qxh5 Rxh5 23. Bf3 Re5 24. b3 Nb6 25. Be3 Rc7 26. Ne2 Nd7 27. Bd4 Rg5+
28. Kf1 Rxc2 29. h4 Rgc5 30. Bxc5 Nxc5 31. Nf4 Rxf2+ 32. Kxf2 Kf7 33. b4 Nxe4+
34. Ke3 Nc3 35. Rc1 Bxf3 36. Kxf3 Na4 37. Rc7+ Kf6 38. Ra7 Nc3 39. Rxa6 e5 40.
Ne2 Nxe2 41. Kxe2 Kf5 42. Ra7 Ke6 43. Kf3 d5 44. Rb7 e4+ 45. Ke3 Ke5 46. Rxb5
g5 47. hxg5 Be7 48. g6 Bg5+ 49. Ke2 Bf4 50. a4 Kd6 51. a5 d4 52. Rf5 d3+ 53.
Kd1 Be3 54. a6 Ke6 55. Rf8 Ke7 56. a7 1-0

[Event "XII Festival A"]
[Site "Bolzano - Bozen ITA"]
[Date "1997.06.??"]
[Round "?"]
[White "Borgo, Giulio"]
[Black "Di Lazzaro, Gabriele"]
[Result "1-0"]
[WhiteElo "2390"]
[BlackElo "2095"]
[PlyCount "83"]
[EventDate "1997.06.14"]

1. e4 g6 2. d4 Bg7 3. Nf3 d6 4. c3 Nf6 5. Bd3 O-O 6. O-O c6 7. Re1 Qc7 8. Nbd2
Nbd7 9. a4 e5 10. Bf1 b6 11. Qc2 Bb7 12. a5 Rac8 13. dxe5 dxe5 14. Nc4 c5 15.
a6 Bc6 16. Na3 h6 17. Nb5 Bxb5 18. Bxb5 c4 19. Nd2 Qc5 20. Qa4 Ng4 21. Rf1 Ndf6
22. h3 Qe7 23. Qb4 Rc5 24. Bxc4 h5 25. hxg4 Nxg4 26. Nf3 Rfc8 27. Be3 Nxe3 28.
fxe3 Bh6 29. Rae1 h4 30. Bd5 Kg7 31. c4 f6 32. Nxh4 Qd7 33. Qd2 Qg4 34. Qf2 Rf8
35. b4 Rc7 36. g3 Bg5 37. Nf3 Bh6 38. Nxe5 Qh3 39. Nd3 Re7 40. Nf4 Qg4 41. Kg2
Bg5 42. Qf3 1-0

[Event "XII Festival A"]
[Site "Bolzano - Bozen ITA"]
[Date "1997.06.??"]
[Round "?"]
[White "Contin, Daniel"]
[Black "Bernardi, Ruben"]
[Result "1/2-1/2"]
[WhiteElo "2320"]
[BlackElo "2115"]
[PlyCount "84"]
[EventDate "1997.06.14"]

1. c4 e5 2. Nc3 Bb4 3. Qb3 Bxc3 4. Qxc3 d6 5. d4 exd4 6. Qxd4 Qf6 7. Qd3 Nc6 8.
Nf3 Nge7 9. Bd2 Ne5 10. Nxe5 dxe5 11. g3 Qc6 12. f3 Be6 13. Rc1 O-O 14. Bg2
Rfd8 15. Qc3 f6 16. O-O Nf5 17. Rfd1 Nd4 18. Kf2 a5 19. e3 Nf5 20. f4 e4 21.
Qc2 Nd6 22. c5 Bg4 23. Re1 Ne8 24. h3 Be6 25. Bc3 f5 26. Bd4 a4 27. g4 Rd7 28.
b4 axb3 29. axb3 Rad8 30. b4 Nf6 31. gxf5 Bxf5 32. Bf1 Nd5 33. Bc4 Kh8 34. Bxd5
Rxd5 35. Qc3 Qh6 36. Rg1 Rxd4 37. exd4 Qxf4+ 38. Ke2 Qh2+ 39. Ke3 Qxh3+ 40. Kd2
Qh2+ 41. Ke3 Qh3+ 42. Kd2 Qh2+ 1/2-1/2

[Event "XII Festival A"]
[Site "Bolzano - Bozen ITA"]
[Date "1997.06.??"]
[Round "?"]
[White "Crea, Vincenzo"]
[Black "Wild, Peter"]
[Result "0-1"]
[WhiteElo "2160"]
[BlackElo "1860"]
[PlyCount "98"]
[EventDate "1997.06.14"]

1. d4 Nf6 2. Nf3 g6 3. Bf4 Bg7 4. e3 O-O 5. Be2 d6 6. h3 c5 7. c3 Qb6 8. Qb3
Qxb3 9. axb3 cxd4 10. exd4 Nd5 11. Bd2 Nc6 12. b4 e5 13. b5 Nce7 14. dxe5 dxe5
15. Na3 Nf5 16. Nc4 e4 17. Nh2 e3 18. Nxe3 Ndxe3 19. Bxe3 Nxe3 20. fxe3 Bh6 21.
Kf2 Re8 22. Nf1 Bf5 23. g4 Be4 24. Bf3 Bxf3 25. Kxf3 Re5 26. c4 f5 27. Rh2
fxg4+ 28. hxg4 Bg7 29. Ra3 Rc5 30. b3 a6 31. bxa6 bxa6 32. Rha2 a5 33. e4 Bc3
34. Rc2 Bd4 35. Re2 Rf8+ 36. Kg2 Rf4 37. Nh2 h5 38. gxh5 Rg5+ 39. Kh3 Rxh5+ 40.
Kg3 Be5 41. Nf3 Rxe4+ 42. Kf2 Bg3+ 43. Kf1 Rf4 44. Re3 Rh2 45. Kg1 Rb2 46. Kh1
Rf5 47. Rd3 Rh5+ 48. Kg1 Bf2+ 49. Kf1 Bc5 0-1

[Event "XII Festival A"]
[Site "Bolzano - Bozen ITA"]
[Date "1997.06.??"]
[Round "?"]
[White "De Eccher, Stefano"]
[Black "Voltolini, Giuseppe"]
[Result "0-1"]
[WhiteElo "2280"]
[BlackElo "2250"]
[PlyCount "66"]
[EventDate "1997.06.14"]

1. e4 c5 2. Nf3 d6 3. d4 cxd4 4. Nxd4 Nf6 5. Nc3 Nc6 6. Bc4 e6 7. Be3 Be7 8.
Qe2 a6 9. O-O-O O-O 10. Rhg1 Qc7 11. g4 b5 12. Bd3 b4 13. Nb1 Nxd4 14. Bxd4 e5
15. g5 exd4 16. gxf6 Bxf6 17. e5 dxe5 18. Qe4 g6 19. Qxa8 Bb7 20. Qa7 Ra8 21.
Qxa8+ Bxa8 22. Nd2 Bd5 23. Kb1 Qc6 24. Rde1 Bg7 25. Rg3 Kh8 26. h4 f5 27. f3
Bh6 28. Nb3 Bf4 29. Rh3 Bxf3 30. Na5 Qa8 31. Bc4 Bg2 32. Rb3 Qd8 33. Nc6 Qc8
0-1

[Event "XII Festival A"]
[Site "Bolzano - Bozen ITA"]
[Date "1997.06.??"]
[Round "?"]
[White "Di Lazzaro, Gabriele"]
[Black "Astengo, Marcello"]
[Result "1-0"]
[WhiteElo "2095"]
[BlackElo "2065"]
[PlyCount "57"]
[EventDate "1997.06.14"]

1. e4 e6 2. Qe2 b6 3. g3 Ba6 4. d3 c5 5. Bg2 Nc6 6. Nf3 Nge7 7. Nc3 Rc8 8. h4
h5 9. Be3 g6 10. Qd2 Bg7 11. a3 d5 12. exd5 Nxd5 13. Nxd5 Qxd5 14. O-O Qf5 15.
Ng5 O-O 16. Rab1 Rfd8 17. Be4 Qe5 18. Bf4 Qd4 19. b3 Qd7 20. Bg2 Nd4 21. Ne4 f6
22. Rfe1 e5 23. Bh6 f5 24. Bxg7 fxe4 25. Bxe5 exd3 26. cxd3 Kh7 27. Be4 Re8 28.
Qg5 Qf7 29. Qxh5+ 1-0

[Event "XII Festival A"]
[Site "Bolzano - Bozen ITA"]
[Date "1997.06.??"]
[Round "?"]
[White "Gatterer, Florian"]
[Black "Di Lazzaro, Gabriele"]
[Result "0-1"]
[WhiteElo "1783"]
[BlackElo "2095"]
[PlyCount "112"]
[EventDate "1997.06.14"]

1. e4 g6 2. d4 Bg7 3. c4 c5 4. d5 d6 5. Nf3 Nf6 6. Qc2 O-O 7. h3 e6 8. Bd3 exd5
9. cxd5 b5 10. Bxb5 Qa5+ 11. Nc3 Nxe4 12. Bd3 Bxc3+ 13. bxc3 Qxc3+ 14. Qxc3
Nxc3 15. O-O Bb7 16. Bf4 Rd8 17. Bg5 Rd7 18. Rfe1 Nxd5 19. Re8+ Kg7 20. Bc1 Nc6
21. Bb2+ f6 22. Ree1 Ne5 23. Bb5 Nxf3+ 24. gxf3 Re7 25. Red1 Rd8 26. Kg2 Nf4+
27. Kg3 g5 28. Ba3 Ne6 29. Re1 a6 30. Ba4 Kf8 31. Rab1 Bd5 32. Rb6 Bxa2 33.
Rxa6 Bd5 34. Rd1 Nf4 35. Bb2 Kf7 36. Rd2 Re2 37. Ra7+ Ke6 38. Rxe2+ Nxe2+ 39.
Kg2 Ra8 40. Bd7+ Ke7 41. Rxa8 Bxa8 42. Bf5 h6 43. h4 Bd5 44. hxg5 hxg5 45. Be4
Bb3 46. Kf1 Nf4 47. Ke1 Bd5 48. Kd2 Ke6 49. Ke3 f5 50. Bc2 Ba2 51. Ba3 Nd5+ 52.
Kd2 Nb6 53. Kc3 Bd5 54. Bd1 Nc4 55. Bc1 f4 56. Bb3 Ne5 0-1

[Event "XII Festival A"]
[Site "Bolzano - Bozen ITA"]
[Date "1997.06.??"]
[Round "?"]
[White "Jurkovic, Ante"]
[Black "Voltolini, Giuseppe"]
[Result "1-0"]
[WhiteElo "2320"]
[BlackElo "2250"]
[PlyCount "127"]
[EventDate "1997.06.14"]

1. e4 c5 2. Nf3 d6 3. d4 cxd4 4. Nxd4 Nf6 5. Nc3 Nc6 6. Be3 e6 7. g4 h6 8. Rg1
a6 9. h4 h5 10. gxh5 Rxh5 11. Bg5 Rh8 12. Qd2 Be7 13. O-O-O Qc7 14. f4 Nxd4 15.
Qxd4 Bd7 16. Rh1 Bc6 17. Be2 O-O-O 18. Bf3 Rhg8 19. Qe3 g6 20. e5 dxe5 21. fxe5
Rxd1+ 22. Rxd1 Bxf3 23. Qxf3 Qxe5 24. Rf1 Nd5 25. Bxe7 Nxe7 26. Qxf7 Rg7 27.
Qf8+ Kc7 28. Qh8 Qe3+ 29. Kb1 Rf7 30. Rd1 Nc6 31. Qe8 Re7 32. Qxg6 Rd7 33. Rc1
Nd4 34. Qg4 Nf5 35. h5 Rd4 36. Qg8 Rd2 37. Qf7+ Kb8 38. a3 Ka7 39. Qg6 Rh2 40.
Qe8 Nd4 41. Qg6 Qf2 42. Ne4 Qe3 43. Nd6 Qe5 44. Nc8+ Kb8 45. Ne7 Qxh5 46. Qg8+
Ka7 47. Nc8+ Kb8 48. Nb6+ Ka7 49. Nc8+ Kb8 50. Nd6+ Ka7 51. Qg1 e5 52. Qg7 Qh7
53. Qxe5 Nc6 54. Qc5+ Kb8 55. Nc4 Rh1 56. Rxh1 Qxh1+ 57. Ka2 Qh2 58. c3 Qf4 59.
a4 a5 60. Ka3 Qc7 61. Qf8+ Ka7 62. Kb3 b6 63. Nd6 Qd8 64. Qf7+ 1-0

[Event "XII Festival A"]
[Site "Bolzano - Bozen ITA"]
[Date "1997.06.??"]
[Round "?"]
[White "Mariano, Elia"]
[Black "Muscolino, Attilio"]
[Result "0-1"]
[WhiteElo "1938"]
[BlackElo "1776"]
[PlyCount "84"]
[EventDate "1997.06.14"]

1. d4 Nf6 2. c4 g6 3. Nc3 Bg7 4. e4 d6 5. Bd3 O-O 6. Nge2 a6 7. O-O b6 8. f3 c5
9. d5 Nbd7 10. Be3 Ne5 11. a3 e6 12. b4 exd5 13. cxd5 Nxd3 14. Qxd3 h5 15. Rab1
Nd7 16. bxc5 Ne5 17. Qc2 bxc5 18. Na4 Bd7 19. Nb6 Bb5 20. Nxa8 Bd3 21. Qa2 Nc4
22. Bf2 Qxa8 23. Rb3 Ne5 24. Qd2 Bb5 25. f4 Ng4 26. Rfb1 Re8 27. Nc3 Bc4 28.
R3b2 Qd8 29. h3 Nxf2 30. Kxf2 Bd4+ 31. Kg3 g5 32. fxg5 Be5+ 33. Kh4 Kg7 34. Rb7
Kg6 35. Rb8 Qxb8 36. Rxb8 Rxb8 37. Ne2 Rb2 38. Nf4+ Kh7 39. Qc1 Bb5 40. Nxh5
Rxg2 41. Qe3 Bd4 42. g6+ fxg6 0-1

[Event "XII Festival A"]
[Site "Bolzano - Bozen ITA"]
[Date "1997.06.??"]
[Round "?"]
[White "Ruzzier, Dario"]
[Black "Gatterer, Florian"]
[Result "0-1"]
[WhiteElo "2115"]
[BlackElo "1783"]
[PlyCount "54"]
[EventDate "1997.06.14"]

1. d4 Nf6 2. c4 g6 3. Nc3 Bg7 4. e4 d6 5. Nf3 O-O 6. Be2 e5 7. O-O Nc6 8. d5
Ne7 9. Ne1 Ne8 10. Nd3 f5 11. f3 f4 12. c5 g5 13. Bd2 Rf7 14. Rc1 Ng6 15. a4 h5
16. a5 Bf8 17. a6 b6 18. cxb6 axb6 19. Nb4 Rg7 20. Nb5 g4 21. fxg4 hxg4 22.
Bxg4 Nh4 23. Bxc8 Rxg2+ 24. Kh1 Qxc8 25. Rf3 Qg4 26. Qf1 Rxh2+ 27. Kxh2 Nxf3+
0-1

[Event "XII Festival A"]
[Site "Bolzano - Bozen ITA"]
[Date "1997.06.??"]
[Round "?"]
[White "Vujovic, Milorad"]
[Black "Voltolini, Giuseppe"]
[Result "0-1"]
[WhiteElo "2255"]
[BlackElo "2250"]
[PlyCount "72"]
[EventDate "1997.06.14"]

1. e4 c5 2. Nf3 e6 3. Nc3 Nc6 4. d4 cxd4 5. Nxd4 d6 6. a4 Nf6 7. Be2 Be7 8. Be3
O-O 9. O-O a6 10. Nb3 b6 11. f4 Rb8 12. g4 d5 13. e5 Nd7 14. g5 Re8 15. Rf3 Bf8
16. Bd3 g6 17. Rh3 Bg7 18. Qe1 Nf8 19. Rd1 Qc7 20. Be2 Nb4 21. Rd2 Bd7 22. a5
bxa5 23. Bc5 Nxc2 24. Rxc2 Rxb3 25. Nxd5 exd5 26. Rxb3 Ne6 27. Qc1 Ba4 28. Be3
Qd7 29. Rb6 Bxc2 30. Qxc2 Nxg5 31. fxg5 Bxe5 32. Qc6 Qe7 33. Rb7 Bxh2+ 34. Kxh2
Qxe3 35. Qxa6 Qf2+ 36. Kh1 Rxe2 0-1

[Event "XXIX C.to Italiano a squadre A1 Finali"]
[Site "Montecatini Terme ITA"]
[Date "1997.05.17"]
[Round "1"]
[White "Belotti, Bruno"]
[Black "Ortega, Lexy"]
[Result "1-0"]
[WhiteElo "2405"]
[BlackElo "2460"]
[PlyCount "53"]
[EventDate "1997.05.17"]

1. e4 c5 2. Nc3 e6 3. Nf3 a6 4. g3 Nc6 5. Bg2 d6 6. O-O Nf6 7. d4 cxd4 8. Nxd4
Qc7 9. Be3 Rb8 10. a4 Be7 11. Kh1 O-O 12. f4 Bd7 13. Nb3 b6 14. g4 Bc8 15. g5
Nd7 16. Qh5 Re8 17. Rf3 Bb7 18. Rh3 Nf8 19. Rf1 Nb4 20. Nd4 d5 21. f5 Bc5 22.
f6 dxe4 23. fxg7 Kxg7 24. Bf4 e5 25. Nf5+ Kg8 26. Qh6 f6 27. Qxf6 1-0

[Event "XXIX C.to Italiano a squadre A1 Finali"]
[Site "Montecatini Terme ITA"]
[Date "1997.05.17"]
[Round "1"]
[White "D'Amore, Carlo"]
[Black "Mascellani, Marco"]
[Result "1/2-1/2"]
[WhiteElo "2440"]
[BlackElo "2205"]
[PlyCount "80"]
[EventDate "1997.05.17"]

1. Nf3 Nf6 2. g3 d5 3. Bg2 c5 4. O-O Nc6 5. d3 e6 6. Nbd2 Be7 7. e4 O-O 8. Re1
b6 9. e5 Nd7 10. Nf1 b5 11. h4 a5 12. N1h2 a4 13. a3 b4 14. Bf4 bxa3 15. bxa3
Rb8 16. Ng5 Rb2 17. c4 Nb6 18. Qh5 h6 19. Nh3 Qe8 20. Bxh6 gxh6 21. Qxh6 f6 22.
cxd5 Nxe5 23. Rxe5 fxe5 24. Ng5 Rf7 25. Qg6+ Kf8 26. dxe6 Rg7 27. Nh7+ Rxh7 28.
Qxh7 Bf6 29. Bh3 Bxe6 30. Qh6+ Ke7 31. Bxe6 Kxe6 32. Re1 Qf7 33. Ng4 Nd7 34. f4
Ke7 35. fxe5 Bxe5 36. Qg5+ Kd6 37. Rxe5 Rb1+ 38. Kh2 Rb2+ 39. Kg1 Rb1+ 40. Kh2
Rb2+ 1/2-1/2

[Event "XXIX C.to Italiano a squadre A1 Finali"]
[Site "Montecatini Terme ITA"]
[Date "1997.05.17"]
[Round "1"]
[White "Efimov, Igor"]
[Black "Negrini, Claudio"]
[Result "1-0"]
[WhiteElo "2530"]
[BlackElo "2310"]
[PlyCount "81"]
[EventDate "1997.05.17"]

1. Nf3 d5 2. c4 e6 3. g3 Nf6 4. b3 c6 5. Bg2 Bd6 6. O-O O-O 7. Bb2 Nbd7 8. Nc3
Re8 9. Qc2 e5 10. cxd5 Nxd5 11. d4 Nxc3 12. Bxc3 Qe7 13. dxe5 Nxe5 14. Nd4 Bb4
15. Bxb4 Qxb4 16. Rfd1 Bg4 17. a3 Qe7 18. h3 Bd7 19. b4 a5 20. Qc5 axb4 21.
Qxe7 Rxe7 22. axb4 Rb8 23. Ra7 Kf8 24. Nb3 Be6 25. Nc5 Bc8 26. f4 Nc4 27. Kf2
Nb6 28. g4 Be6 29. e4 Ke8 30. Bf3 f6 31. h4 h6 32. g5 Bf7 33. gxf6 gxf6 34. Bg4
Kf8 35. Rd6 Kg7 36. Rxc6 h5 37. Rxb6 hxg4 38. Rbxb7 Rexb7 39. Rxb7 Ra8 40. Kg3
Ra1 41. Kxg4 1-0

[Event "XXIX C.to Italiano a squadre A1 Finali"]
[Site "Montecatini Terme ITA"]
[Date "1997.05.17"]
[Round "1"]
[White "Iannaccone, Ernesto"]
[Black "Borgo, Giulio"]
[Result "1-0"]
[WhiteElo "2375"]
[BlackElo "2390"]
[PlyCount "51"]
[EventDate "1997.05.17"]

1. d4 d5 2. c4 e6 3. Nc3 c6 4. e3 Nf6 5. Nf3 Nbd7 6. Bd3 Bd6 7. e4 dxe4 8. Nxe4
Nxe4 9. Bxe4 c5 10. O-O Qc7 11. Re1 Nf6 12. Bc2 h6 13. b3 b6 14. Bb2 cxd4 15.
Nxd4 Bb4 16. Re3 O-O 17. Rg3 Be7 18. Qe2 a6 19. Re1 Re8 20. Nf5 exf5 21. Bxf6
g6 22. Re3 Bxf6 23. Rxe8+ Kg7 24. Qd2 Ra7 25. Qb4 h5 26. Qf8+ 1-0

[Event "XXIX C.to Italiano a squadre A1 Finali"]
[Site "Montecatini Terme ITA"]
[Date "1997.05.17"]
[Round "1"]
[White "Manca, Federico"]
[Black "Vallifuoco, Giacomo"]
[Result "1-0"]
[WhiteElo "2350"]
[BlackElo "2395"]
[PlyCount "55"]
[EventDate "1997.05.17"]

1. e4 c5 2. c3 d5 3. exd5 Qxd5 4. d4 e6 5. Nf3 Nf6 6. Bd3 Nc6 7. Be3 cxd4 8.
cxd4 Be7 9. Nc3 Qd6 10. O-O O-O 11. a3 b6 12. Qe2 Bb7 13. Rad1 Rad8 14. Rfe1
Qb8 15. Bb1 Rd7 16. Bg5 Qd8 17. Qe3 g6 18. Ba2 Ng4 19. Qf4 Bxg5 20. Nxg5 Nxd4
21. Qxg4 h5 22. Nxf7 Rfxf7 23. Qxg6+ Rg7 24. Bxe6+ Kf8 25. Qh6 Nxe6 26. Rxd7
Qxd7 27. Rxe6 Bxg2 28. Rg6 1-0

[Event "XXIX C.to Italiano a squadre A1 Finali"]
[Site "Montecatini Terme ITA"]
[Date "1997.05.17"]
[Round "1"]
[White "Mariotti, Sergio"]
[Black "Godena, Michele"]
[Result "1/2-1/2"]
[WhiteElo "2405"]
[BlackElo "2545"]
[PlyCount "82"]
[EventDate "1997.05.17"]

1. e4 e5 2. Nf3 Nc6 3. Bc4 Nf6 4. d3 h6 5. Nbd2 g6 6. c3 Bg7 7. O-O O-O 8. Re1
Kh7 9. Bb3 d6 10. Nf1 Nh5 11. h3 Qe8 12. g4 Nf6 13. Ng3 Na5 14. Bc2 c5 15. Nh2
Qd7 16. a3 b6 17. f4 exf4 18. Bxf4 Bb7 19. Rf1 Rae8 20. b4 Nc6 21. Ba4 a6 22.
b5 axb5 23. Bxb5 Qe7 24. Qd2 Nd7 25. Rae1 Na7 26. Ba4 Bc6 27. Bxc6 Nxc6 28. Nf3
Nde5 29. Rb1 Qa7 30. Nxe5 Nxe5 31. Kg2 Qxa3 32. Rxb6 Rb8 33. Rfb1 Qa7 34. Rxb8
Rxb8 35. Rxb8 Qxb8 36. Nf1 Qb1 37. Bxe5 Bxe5 38. Ne3 Bf4 39. Qe2 Bxe3 40. Qxe3
Kg7 41. Qe2 Qc1 1/2-1/2

[Event "XXIX C.to Italiano a squadre A1 Finali"]
[Site "Montecatini Terme ITA"]
[Date "1997.05.17"]
[Round "1"]
[White "Sebastianelli, Diego"]
[Black "Djuric, Stefan"]
[Result "0-1"]
[WhiteElo "2345"]
[BlackElo "2535"]
[PlyCount "50"]
[EventDate "1997.05.17"]

1. e4 e5 2. Nf3 Nc6 3. Bb5 a6 4. Bxc6 dxc6 5. O-O Bd6 6. d4 exd4 7. Qxd4 f6 8.
Be3 Qe7 9. Nbd2 Nh6 10. h3 Nf7 11. Nb3 O-O 12. Bd2 Re8 13. Rfe1 Ne5 14. Qc3
Nxf3+ 15. Qxf3 Qe5 16. g3 Qxb2 17. Bc3 Qa3 18. Re3 Be5 19. Nd4 Qc5 20. Rd1 a5
21. Kg2 a4 22. Red3 Qc4 23. a3 Bd6 24. Bb2 Ra5 25. R1d2 Rae5 0-1

[Event "XXIX C.to Italiano a squadre A1 Finali"]
[Site "Montecatini Terme ITA"]
[Date "1997.05.17"]
[Round "1"]
[White "Vancini, Edoardo"]
[Black "Arlandi, Ennio"]
[Result "0-1"]
[WhiteElo "2270"]
[BlackElo "2470"]
[PlyCount "116"]
[EventDate "1997.05.17"]

1. e4 c6 2. c4 d5 3. cxd5 cxd5 4. exd5 Nf6 5. Bb5+ Nbd7 6. Nc3 a6 7. Qa4 Rb8 8.
Bxd7+ Qxd7 9. Qb3 b5 10. Nf3 Bb7 11. a4 Bxd5 12. Nxd5 Qxd5 13. Qxd5 Nxd5 14.
axb5 axb5 15. b3 Nf4 16. d4 Nd5 17. O-O e6 18. Ne5 Bd6 19. Nc6 Rc8 20. Na7 Ra8
21. Bd2 b4 22. Ra6 Kd7 23. Rfa1 Nc7 24. R6a4 Rab8 25. Kf1 Rb6 26. Ke2 Rhb8 27.
Kd3 Nd5 28. Ra5 R8b7 29. Kc4 Rc7+ 30. Kd3 Rcb7 31. Kc4 Bb8 32. Nb5 f6 33. h3 g5
34. g4 Bf4 35. Bxf4 Rc6+ 36. Kd3 Nxf4+ 37. Kd2 Rcb6 38. Na7 Rd6 39. Ke3 Nd5+
40. Kd3 Nc3 41. Kc4 Rdb6 42. f3 Nd5 43. Rc5 Nc7 44. Rca5 h6 45. h4 gxh4 46. Rh5
Nd5 47. Rxh6 Rc7+ 48. Kd3 Rbb7 49. Rxh4 Rxa7 50. Rxa7 Rxa7 51. Rh7+ Ne7 52. Rf7
Rc7 53. Rxf6 Rc3+ 54. Kd2 Rxb3 55. g5 Rb2+ 56. Kd3 Rg2 57. Kc4 Rxg5 58. Rf7 Rf5
0-1

[Event "XXIX C.to Italiano a squadre A1 Finali"]
[Site "Montecatini Terme ITA"]
[Date "1997.05.18"]
[Round "2"]
[White "Bellia, Fabrizio"]
[Black "Calavalle, Giulio"]
[Result "1/2-1/2"]
[WhiteElo "2340"]
[BlackElo "2235"]
[PlyCount "30"]
[EventDate "1997.05.17"]

1. e4 c5 2. Nf3 Nc6 3. d4 cxd4 4. Nxd4 e5 5. Nb5 a6 6. Nd6+ Bxd6 7. Qxd6 Qf6 8.
Qd1 Qg6 9. Nc3 d5 10. Nxd5 Qxe4+ 11. Ne3 Nge7 12. Bd3 Qh4 13. O-O O-O 14. Re1
f5 15. Bc4+ Kh8 1/2-1/2

[Event "XXIX C.to Italiano a squadre A1 Finali"]
[Site "Montecatini Terme ITA"]
[Date "1997.05.18"]
[Round "2"]
[White "Belotti, Bruno"]
[Black "Efimov, Igor"]
[Result "0-1"]
[WhiteElo "2405"]
[BlackElo "2530"]
[PlyCount "70"]
[EventDate "1997.05.17"]

1. e4 c5 2. Nf3 e6 3. d3 Nc6 4. g3 Nf6 5. Bg2 d6 6. O-O Be7 7. Re1 O-O 8. c3
Qc7 9. Nbd2 b6 10. a3 Ne5 11. Nc4 Nxc4 12. dxc4 Bb7 13. Qc2 h6 14. Bf4 Rad8 15.
Rad1 Qc8 16. Bc1 Qa8 17. Nd2 Rd7 18. Nf1 Rfd8 19. f4 Bf8 20. Qe2 a6 21. g4 g6
22. Ng3 Bg7 23. h4 d5 24. cxd5 exd5 25. e5 Ne4 26. Bxe4 dxe4 27. Be3 Rd3 28. h5
Qc8 29. Kf2 Qd7 30. Rc1 c4 31. Rh1 Bf8 32. Kg2 Bc5 33. Bxc5 Rd2 34. Be3 Rxe2+
35. Nxe2 Qxg4+ 0-1

[Event "XXIX C.to Italiano a squadre A1 Finali"]
[Site "Montecatini Terme ITA"]
[Date "1997.05.18"]
[Round "2"]
[White "Iannaccone, Ernesto"]
[Black "Negrini, Claudio"]
[Result "1-0"]
[WhiteElo "2375"]
[BlackElo "2310"]
[PlyCount "69"]
[EventDate "1997.05.17"]

1. d4 d5 2. c4 e6 3. Nc3 c6 4. e3 f5 5. Bd3 Nf6 6. Nge2 Bd6 7. b3 O-O 8. Bb2
Ne4 9. Qc2 Qh4 10. g3 Qh6 11. f4 Nd7 12. Bxe4 fxe4 13. O-O-O b6 14. Kb1 Ba6 15.
g4 Qg6 16. Ng3 Qxg4 17. Rhg1 Qh3 18. Ngxe4 dxe4 19. Nxe4 Be7 20. d5 Nf6 21. Ng5
Qh6 22. Nxe6 Rf7 23. Nc7 Bb7 24. Nxa8 Bxa8 25. Qf5 cxd5 26. Qc8+ Rf8 27. Qe6+
Rf7 28. cxd5 Qxh2 29. Rc1 Bb7 30. d6 Bd5 31. Qc8+ Bf8 32. Bxf6 Rxf6 33. d7 Be4+
34. Ka1 Rc6 35. Qxf8+ 1-0

[Event "XXIX C.to Italiano a squadre A1 Finali"]
[Site "Montecatini Terme ITA"]
[Date "1997.05.18"]
[Round "2"]
[White "Manca, Federico"]
[Black "D'Amore, Carlo"]
[Result "1-0"]
[WhiteElo "2350"]
[BlackElo "2440"]
[PlyCount "89"]
[EventDate "1997.05.17"]

1. d4 Nf6 2. c4 c5 3. d5 g6 4. Nc3 Bg7 5. e4 d6 6. f3 e6 7. Nge2 exd5 8. cxd5
a6 9. a4 Nbd7 10. Ng3 h5 11. Be2 Nh7 12. Nf1 Ne5 13. Ne3 Qh4+ 14. g3 Qe7 15.
O-O Rb8 16. a5 O-O 17. f4 Ng4 18. Nxg4 hxg4 19. Bxg4 Bxg4 20. Qxg4 Bd4+ 21. Kg2
Bxc3 22. bxc3 Qxe4+ 23. Qf3 Qc4 24. f5 g5 25. h4 gxh4 26. Rh1 Rfe8 27. Rxh4
Qe2+ 28. Qxe2 Rxe2+ 29. Kf3 Rbe8 30. Rg4+ Kh8 31. Bh6 f6 32. Rb1 R2e7 33. Rb6
Rd7 34. Re4 Rg8 35. g4 Ng5+ 36. Bxg5 Rxg5 37. c4 Rg8 38. Re6 Rh7 39. Rxf6 Rh3+
40. Kf4 Rc3 41. Rh6+ Kg7 42. Rg6+ Kf8 43. Rxg8+ Kxg8 44. Kg5 Rxc4 45. Rxd6 1-0

[Event "XXIX C.to Italiano a squadre A1 Finali"]
[Site "Montecatini Terme ITA"]
[Date "1997.05.18"]
[Round "2"]
[White "Sebastianelli, Diego"]
[Black "Ortega, Lexy"]
[Result "0-1"]
[WhiteElo "2345"]
[BlackElo "2460"]
[PlyCount "58"]
[EventDate "1997.05.17"]

1. e4 c5 2. Nf3 d6 3. d4 cxd4 4. Nxd4 Nf6 5. Nc3 a6 6. Be3 Ng4 7. Bg5 h6 8. Bh4
g5 9. Bg3 Bg7 10. Be2 h5 11. Bxg4 Bxg4 12. f3 Bd7 13. Bf2 Nc6 14. O-O Rc8 15.
Nd5 e6 16. Nf5 exf5 17. Bb6 Qxb6+ 18. Nxb6 Bd4+ 19. Kh1 Bxb6 20. Qxd6 f4 21.
Qf6 Rg8 22. Rad1 Rg6 23. Qh8+ Ke7 24. Rxd7+ Kxd7 25. Qxh5 Ke7 26. Qg4 Rd8 27.
Qf5 Nd4 28. Qe5+ Ne6 29. c4 g4 0-1

[Event "XXIX C.to Italiano a squadre A1 Finali"]
[Site "Montecatini Terme ITA"]
[Date "1997.05.18"]
[Round "2"]
[White "Vancini, Edoardo"]
[Black "Vallifuoco, Giacomo"]
[Result "1/2-1/2"]
[WhiteElo "2270"]
[BlackElo "2395"]
[PlyCount "52"]
[EventDate "1997.05.17"]

1. e4 c5 2. c3 d5 3. exd5 Qxd5 4. d4 e6 5. Nf3 Nf6 6. Be3 cxd4 7. cxd4 Nc6 8.
Nc3 Qd6 9. a3 Be7 10. Bd3 O-O 11. O-O b6 12. Qe2 Bb7 13. Rad1 Rad8 14. Rfe1 Qb8
15. Bb1 Rd7 16. Bg5 Qd8 17. Bxf6 Bxf6 18. d5 exd5 19. Nxd5 Nd4 20. Nxf6+ Qxf6
21. Nxd4 Rxd4 22. Rxd4 Qxd4 23. Ba2 g6 24. h3 Bc6 25. Qe5 Qxe5 26. Rxe5 Re8
1/2-1/2

[Event "XXIX C.to Italiano a squadre A1 Finali"]
[Site "Montecatini Terme ITA"]
[Date "1997.05.18"]
[Round "3"]
[White "Borgo, Giulio"]
[Black "Arlandi, Ennio"]
[Result "0-1"]
[WhiteElo "2390"]
[BlackElo "2470"]
[PlyCount "142"]
[EventDate "1997.05.17"]

1. e4 c6 2. d4 d5 3. Nd2 dxe4 4. Nxe4 Nd7 5. Bc4 Ngf6 6. Nxf6+ Nxf6 7. c3 Qc7
8. Nf3 Bg4 9. h3 Bxf3 10. Qxf3 e6 11. O-O Bd6 12. Bb3 O-O 13. Bg5 Nd7 14. Rad1
Rfe8 15. Rfe1 a5 16. Bc2 Nf8 17. Re4 h6 18. Bc1 Rad8 19. Rde1 Re7 20. Bb3 Kh8
21. g3 b5 22. Kg2 Nh7 23. R4e2 c5 24. d5 c4 25. Bc2 e5 26. Qf5 g6 27. Qf3 f5
28. Bxh6 e4 29. Qe3 Bc5 30. Qd2 Qb7 31. Be3 Rxd5 32. Qc1 Bxe3 33. Qxe3 g5 34.
Kh2 Qc7 35. Qc1 Rde5 36. Kg1 f4 37. gxf4 gxf4 38. Rxe4 Ng5 39. Rxe5 Rxe5 40.
Rxe5 Qxe5 41. Qd1 Nxh3+ 42. Kg2 Ng5 43. Qh5+ Kg7 44. Qg6+ Kf8 45. Qf5+ Qxf5 46.
Bxf5 Ke7 47. a3 Kd6 48. Bg6 Kc5 49. Bf5 b4 50. cxb4+ axb4 51. axb4+ Kxb4 52.
Bc2 Kc5 53. Bf5 Kd4 54. Bc8 Kc5 55. Bf5 Kb4 56. Bc2 Ne6 57. Bd1 Nc5 58. Kf3 Nd3
59. Be2 Kb3 60. Ke4 Kc2 61. Kd4 Kd2 62. Bf1 f3 63. b4 Ke1 64. b5 Kxf1 65. b6
Nb4 66. Kxc4 Na6 67. b7 Kxf2 68. Kb5 Nb8 69. Kb6 Ke3 70. Kc7 Na6+ 71. Kb6 f2
0-1